00744nam a2200157 a 4500090001600000041000800016100004000024245006600064260005300130300000900183520029500192650003800487650003100525945001500556999001500571 aIAVHb00620 aspa aVera Ardila, Mónica Lucía92039 aListado de los géneros de malacofauna terrestre de Colombia aBogotábInstituto Alexander von Humboldtc2004 a5 p. aSe realizó una revisión bibliográfica de las familias de moluscos terrestres del país y a partir de esta se generó un listado con 80 géneros de moluscos terrestres presentes en Colombia. Adicionalmente, se realizó la documentación de metadatos mediante la aplicación M3Cat aRevisión bibliográfica992482 aMoluscos terrestres992483 d2007-08-16 c6125d6125